00989cam a2200241 a 4500999001700000001000900017005001700026008004100043020001800084041000800102080001600110100003300126245007500159264004700234300002200281653002500303653006600328653003300394653008800427942001200515955007700527952014300604 c58280d582801535037020211020133731.0080701s2007 cau b 001 0 eng d a9788779897441 aeng a299.93 H-881 aHubbard, L. Ronq d 91269910aScience of survival :bprediction of human behavior /cL. Ron Hubbard. aLos Angeles :bBridge Publications,c2007. a 729 p. ;c25 cm. aScience of survival  aგადარჩენის მეცნიერება aprediction of human behavior aადამიანის ქცევის პროგნოზირება 2udccBK aps10 2008-07-01 z-processorash00 2008-07-08ish21 2008-07-29 (telework) 00102udc40629993_H8870991000aCPLbCPLcGENd2021-10-20g21.00o299.93 H-88p61885r2021-10-20t61885w2021-10-20yBKz21 ლ. 43თ.